000 00744nas a2200229 4500
001 BR9601272
003 BR-BrBNA
005 20231205095710.0
007 ta
008 230509b bl.|||p| |||| 00| 00por d
040 _aBR-BrBNA
_bpor
_cBiblioteca Nacional de Agricultura
041 _a(Pt)
072 _aF06
100 1 _aBiserra, J.V.
245 1 _aRentabilidade da irrigacao publica no nordeste, sob condicoes de risco - o caso do perimetro Morada Nova
650 _aIrrigacao
650 _aRentabilidade
650 _aRegiao Nordeste
773 0 _tRevista de Economia e Sociologia Rural (Brazil)
_xISSN 0103-2003
_g(Jul-Sep 1994), v. 32(3) p. 289-303
_wBR9601272
909 _a202311
_bLúcia
_c55
_dLúcia Elande
942 _2AGRIS
_n0
_cANA
999 _c152216
_d152216